| 000 | 01175nam a22002657a 4500 | ||
|---|---|---|---|
| 005 | 20100810121651.0 | ||
| 010 | _aHIN-90248 | ||
| 020 |
_c250.00 _a9789350001622 |
||
| 035 | _aHN-62594 | ||
| 037 | _bDBAD / PUB | ||
| 082 | _aक | ||
| 245 |
_aखेल-खेल में: _bनिर्मल वर्मा द्वारा अनुवादित |
||
| 246 |
_aKhel-Khel Mein _bTranslated by nirmal Verma |
||
| 260 |
_aनई दिल्ली _bवाणी प्रकाशन _c2010 |
||
| 270 |
_a4695, 21-ए, दरियागंज _bनई दिल्ली _e110002 _k0091-11-23273167 _l0091-11-23275710 _mvaniprakashan@gmail.com |
||
| 300 |
_a236पृ _c22सेमी (सजिल्द) |
||
| 500 | _aउत्तर-कथन | ||
| 650 |
_bलघु कहानियाँ, हिन्दी _924419 |
||
| 650 |
_bShort Stories, Hindi _924420 |
||
| 700 |
_97228 _aवर्मा, विमल |
||
| 700 | _97267 | ||
| 700 | _97698 | ||
| 942 |
_adpl _cHN _k _2ddc _mखेलखे _hक |
||
| 999 |
_c40600 _d40600 |
||